Practical ontologies for information professionals / (Record no. 83625)
[ view plain ]
| 000 -LEADER | |
|---|---|
| fixed length control field | 00854nam a22002537a 4500 |
| 003 - CONTROL NUMBER IDENTIFIER | |
| control field | URS |
| 005 - DATE AND TIME OF LATEST TRANSACTION | |
| control field | 20250716141222.0 |
| 008 - FIXED-LENGTH DATA ELEMENTS--GENERAL INFORMATION | |
| fixed length control field | 250716b |||||||| |||| 00| 0 eng d |
| 020 ## - INTERNATIONAL STANDARD BOOK NUMBER | |
| International Standard Book Number | 978-1-78330-062-4 |
| 040 ## - CATALOGING SOURCE | |
| Description conventions | rda |
| Transcribing agency | URS |
| Language of cataloging | English |
| 050 ## - LIBRARY OF CONGRESS CALL NUMBER | |
| Classification number | Q387.4 |
| Item number | .St91 2016 |
| 100 ## - MAIN ENTRY--PERSONAL NAME | |
| Personal name | Stuart, David, |
| Relator term | author. |
| 9 (RLIN) | 6251 |
| 245 ## - TITLE STATEMENT | |
| Title | Practical ontologies for information professionals / |
| Statement of responsibility, etc | David Stuart. |
| 250 ## - EDITION STATEMENT | |
| Edition statement | Second edition. |
| 264 #1 - PUBLICATION, DISTRIBUTION, ETC. (IMPRINT) | |
| Place of publication, distribution, etc | Great Britain : |
| Name of publisher, distributor, etc | Facet Publishing, |
| Date of publication, distribution, etc | ©2016. |
| 300 ## - PHYSICAL DESCRIPTION | |
| Extent | vii, 152 pages ; |
| Dimensions | 23 cm. |
| 336 ## - CONTENT TYPE | |
| Content type term | text |
| Content type code | txt |
| Source | rdacontent |
| 337 ## - MEDIA TYPE | |
| Media type term | unmediated |
| Media type code | n |
| Source | rdamedia |
| 338 ## - CARRIER TYPE | |
| Carrier type term | volume |
| Carrier type code | nc |
| Source | rdacarrier |
| 500 ## - GENERAL NOTE | |
| General note | Includes index. |
| 650 ## - SUBJECT ADDED ENTRY--TOPICAL TERM | |
| Topical term or geographic name as entry element | Electronic data processing personnel |
| Form subdivision | Certification |
| General subdivision | Handbooks, manuals, etc. |
| 650 ## - SUBJECT ADDED ENTRY--TOPICAL TERM | |
| Topical term or geographic name as entry element | Computer technicians |
| Form subdivision | Certification |
| General subdivision | Study guides. |
| 942 ## - ADDED ENTRY ELEMENTS (KOHA) | |
| Source of classification or shelving scheme | Library of Congress Classification |
| Koha item type | Foreign Books |
| Withdrawn status | Lost status | Source of classification or shelving scheme | Damaged status | Not for loan | Collection code | Home library | Current library | Shelving location | Date acquired | Source of acquisition | Total Checkouts | Full call number | Barcode | Date last seen | Copy number | Koha item type |
|---|---|---|---|---|---|---|---|---|---|---|---|---|---|---|---|---|
| Library of Congress Classification | Non-fiction | Taytay College Library | Taytay College Library | Foreign Section | 07/13/2017 | Purchased | Q387.4 .St91 2016 | URSTAY-3822 | 07/16/2025 | 1 | Foreign Books |